Đặc trưng ngôn ngữ trong tiểu thuyết Ăn mày dĩ vãng của Chu Lai

Những vấn đề lí luận liên quan đến đề tài. Khảo sát, thống kê về cách sử dụng ngôn ngữ trong tiểu thuyết Ăn mày dĩ vãng của Chu Lai. Đặc trưng ngôn ngữ trong tiểu thuyết Ăn mày dĩ vãng của Chu Lai

Zapisane w:
Opis bibliograficzny
1. autor: Phan Thị Ánh Hồng
Kolejni autorzy: Tạ Thị Toàn (Hướng dẫn)
Format: Książka
Język:Vietnamese
Wydane: Đà Nẵng Đại học Sư phạm, Đại học Đà Nẵng 2013
Hasła przedmiotowe:
Etykiety: Dodaj etykietę
Nie ma etykietki, Dołącz pierwszą etykiete!
Thư viện lưu trữ: Mạng thư viện Đại học Đà Nẵng
LEADER 01754nam a2200385 4500
001 000018927
003 15362
005 20140311100334.0
008 140220s2013 viesd
041 |a vie 
072 |a VH 
082 1 4 |a 895.922334  |b PH-H 
100 1 |a Phan Thị Ánh Hồng 
245 1 0 |a Đặc trưng ngôn ngữ trong tiểu thuyết Ăn mày dĩ vãng của Chu Lai  |c Phan Thị Ánh Hồng ; Tạ Thị Toàn hướng dẫn  |k Khóa luận tốt nghiệp 
260 |a Đà Nẵng  |b Đại học Sư phạm, Đại học Đà Nẵng  |c 2013 
300 |a 74 tr.  |c 29 cm. 
500 |a Khóa luận tốt nghiệp đại học. Chuyên ngành: Cử nhân Văn học 
520 |a Những vấn đề lí luận liên quan đến đề tài. Khảo sát, thống kê về cách sử dụng ngôn ngữ trong tiểu thuyết Ăn mày dĩ vãng của Chu Lai. Đặc trưng ngôn ngữ trong tiểu thuyết Ăn mày dĩ vãng của Chu Lai 
600 1 4 |a Chu Lai  |d 1946-  |t Ăn mày dĩ vãng 
650 0 4 |a Tiểu thuyết Việt Nam  |v Khóa luận tốt nghiệp  |x Chu Lai 
653 |a Tiểu thuyết Việt Nam 
653 |a Ăn mày dĩ vãng 
653 |a Khoa Ngữ văn 
653 |a Ngôn ngữ 
700 1 |a Tạ Thị Toàn  |e Hướng dẫn 
OWN |a LSP 
AVA |a UDN50  |b LSP  |d 895.922334 PH-H  |e available  |t Error 5001 Not defined in file expand_doc_bib_avail.  |f 1  |g 0  |h N  |i 0  |k 1 
999 |a From the UDN01 
AVA |a UDN50  |b LSP  |d 895.922334 PH-H  |e available  |t Error 5001 Not defined in file expand_doc_bib_avail.  |f 1  |g 0  |h N  |i 0  |k 1 
TYP |a Monograph 
TYP |a Printed language 
980 |a Mạng thư viện Đại học Đà Nẵng